000 00270nam a22001217a 4500
999 _c12088
_d12088
082 _a358.4
100 _aMuhammad Yusuf
245 _aCadet College Larkana
260 _aLarkana
_bSindhica Academy
_c2013
300 _a620
650 _aEnglish Fiction
942 _cBK